000 00504nam a2200193Ia 4500
008 220216s9999 xx 000 0 und d
100 _aVaishak N
245 0 _aNatural rubber/butadiene rubber blend system for tread application
260 _bRubber Science
_c2019
300 _a208-218
650 _aActivation energy
650 _aBlend ratio
650 _aCArbon black
650 _aNR/BR blends
650 _aRate constant
650 _aRubber blends
700 _aVarghese S
942 _cJS
999 _c63655
_d63655